000 01579ngm a2200337 4500
003 dpl
005 20090318155059.0
007 DVD
008 ||||||sp199 xxu|||||c ||| 00| 0 ng d
010 _aDVD-001827-1829
024 _aVENF 0104
_c49.00
035 _aDVD-001827-1829
040 _aDPL
_cDPL
082 _aDVD / SUDD
245 _aSuddenly /
_cA Lewis Allen Film Presents
_h[videorecording] DVD/
260 _bMoserbaer Entertainment
300 _a1 videodisc VCD;
_bsd., col. ;
_c4 3/4 in.
_fVCD
440 _aMoserbaer Home Entertainment
500 _aMoserbaer India Ltd. has obtained the necessary licence/conssent from the owner of the copyright in the wroks for making this DVD Film.
500 _aOne man will change their lives forever
538 _aDolby Digital 5.1 -English Subtitles: English
650 _aMotion Picture
700 _aSinatra, Frank
700 _aHayden, Sterling
700 _aAllen, Lewis
942 _cCF
_2ddc
_hDVD
_mSUDD
999 _c25378
_d25378